000
00276nam a2200097Ia 4500
082
_a
J 576.8 WINS
245
0
_a
Evolution revolution : [from Darwin to DNA]
100
_a
WINSTON, Robert London, 2009
_9
83958
942
_c
BK
008
210817s9999 xx 000 0 und d
999
_c
396523
_d
396522